Amadeus
Antonio Salieri es el músico más destacado de la corte del Emperador José II de Austria. Entregado completamente a la música, le promete a Dios humildad y castidad si, a cambio, conserva sus extraordinarias dotes musicales. Pero, después de la llegada a la corte de un joven llamado Wolfang Amadeus M...
Guardado en:
| Autor Principal: | |
|---|---|
| Autor Corporativo: | |
| Otros Autores: | , , , , |
| Formato: | |
| Idioma: | Undetermined |
| Publicado: |
Estados Unidos :
Orion Pictures,
1984.
|
| Materias: | |
| Etiquetas: |
Agregar Etiqueta
Sin Etiquetas, Sea el primero en etiquetar este registro!
|
| LEADER | 01576ngm a22002655a 4500 | ||
|---|---|---|---|
| 001 | CEM.cems020761 | ||
| 008 | 231213s1984####xx#---############vlund#d | ||
| 005 | 20231213210724.0 | ||
| 245 | 1 | 0 | |a Amadeus |h [videograbación] / |c Milos Forman. |
| 260 | |a Estados Unidos : |b Orion Pictures, |c 1984. | ||
| 300 | |a 180'. | ||
| 520 | |a Antonio Salieri es el músico más destacado de la corte del Emperador José II de Austria. Entregado completamente a la música, le promete a Dios humildad y castidad si, a cambio, conserva sus extraordinarias dotes musicales. Pero, después de la llegada a la corte de un joven llamado Wolfang Amadeus Mozart, Salieri queda relegado a un segundo plano. Enfurecido por la pérdida de protagonismo, hará todo lo posible para arruinar la carrera del músico de Salzburgo. Mientras tanto, Mozart, ajeno a las maquinaciones de Salieri, sorprende a todos con su genialidad como músico, pero también con sus excentricidades. | ||
| 538 | |a Soporte: DVD - Formato: AVI Peso: 1.45gb - Resolución: 608 x 272 - 23.98 fps | ||
| 500 | |a Título original: Amadeus Idioma: Inglés Subtítulos: Español. | ||
| 590 | |a Identificación anterior: 335 | ||
| 100 | 1 | |a Forman, Milos. | |
| 700 | 1 | |a Shaffer, Peter; Guion. | |
| 700 | 1 | |a Mozart, Wolfgang Amadeus; Música. | |
| 700 | 1 | |a Abraham, Murray; Reparto. | |
| 700 | 1 | |a Hulce, Tom; Reparto. | |
| 700 | 1 | |a Berridge, Elizabeth Reparto. | |
| 710 | 2 | |a The Saul Zaentz Company. | |
| 653 | |a LARGOMETRAJE | ||
| 653 | |a FICCIÓN | ||
| 859 | |a CEMS |b BIB. CEMS - Depto. Recursos Didacticos |h 778.5 |i FOR |k DRD |p 3274.23 |t Ej.1 | ||
